Datum a čas kvízu
29.5
Celkem bodů
Celkový počet nahraných bodů na tomto kvízu bez doplňovacích otázek.
3.
Pořadí na kvízu
Konečné umístění týmu na tomto kvízu.
Zaznamenané odpovědi
| # | Otázka | Odpověď | Body | Výsledky |
|---|---|---|---|---|
| 1. | Čím konkrétně se na úterním za... | měli na sobě kroje | 1 | |
| 2. | Jistá země od noci na pátek na... | Kazachstán | 0 | |
| 3. | Minulý týden jsme se dozvěděli... | kameraman | 1 | |
| 4. | Ředitelka české pobočky jedné... | 1 | ||
| 5. | Jak se jmenuje dosavadní šéf Č... | Ivo Kaderka | 1 | |
| 6. | Napište český i latinský název... | kost stehenní, femur (os femoris) | 0.5 | |
| 7. | Ve kterém kraji České republik... | v Královéhradeckém | 1 | |
| 8. | Antropoložce Brennanové, hlavn... | Temperance | 0 | |
| 9. | Která párová kost u psů a koní... | klíční kost (clavicula) | 1 | |
| 10. | V září roku 2012 byla pod park... | Richard III. | 0 |